2025-2026 Baltimore Ravens Roster - Statistics

General Stats
  • This quiz has been taken 107 times
  • The average score is 31 of 51
Answer Stats
Hint Answer % Correct
Running Back Derrick Henry
100%
Quarterback Lamar Jackson
100%
Wide Receiver Zay Flowers
100%
Tight End Mark Andrews
99%
Quarterback Tyler Huntley
96%
Wide Receiver DeAndre Hopkins
92%
Tight End Isaiah Likely
92%
Fullback Patrick Ricard
91%
Wide Receiver Rashod Bateman
91%
Safety Kyle Hamilton
85%
Offensive Lineman Tyler Linderbaum
85%
Linebacker Roquan Smith
84%
Placekicker Tyler Loop
84%
Quarterback Cooper Rush
81%
Cornerback Marlon Humphrey
80%
Running Back Keaton Mitchell
79%
Safety Keondre Jackson
76%
Tight End Charlie Kolar
75%
Wide Receiver Devontez Walker
72%
Running Back Rasheen Ali
72%
Cornerback Nate Wiggins
71%
Punter Jordan Stout
68%
Offensive Lineman Ronnie Stanley
67%
Safety Malaki Starks
65%
Offensive Lineman Daniel Faalele
61%
Defensive Lineman Travis Jones
60%
Defensive Lineman Dre’Mont Jones
59%
Offensive Lineman Emery Jones Jr.
59%
Wide Receiver Tylan Wallace
59%
Safety Ar’Darius Washington
57%
Offensive Lineman Andrew Vorhees
56%
Linebacker Kyle Van Noy
55%
Offensive Lineman Roger Rosengarten
55%
Cornerback Chidobe Awuzie
52%
Safety Alohi Gilman
49%
Linebacker Mike Green
49%
Linebacker Trenton Simpson
49%
Cornerback T.J. Tampa
47%
Wide Receiver LaJohntay Wester
39%
Linebacker Tavius Robinson
33%
Defensive Lineman Brent Urban
25%
Linebacker David Ojabo
24%
Linebacker Jacob Hummel
23%
Linebacker Jay Higgins
21%
Offensive Lineman Joe Noteboom
21%
Defensive Lineman John Jenkins
20%
Defensive Lineman Aeneas Peebles
19%
Offensive Lineman Corey Bullock
19%
Defensive Lineman Basil Chijioke Okoye
17%
Cornerback Keyon Martin
17%
Offensive Lineman Carson Vinson
16%
No matching quizzes found
Score Distribution
Percent of People with Each Score
Percentile by Number Answered
Your Score History
You have not taken this quiz